Railway track, design, construction, maintenance, and renewal of permanent way, (Record no. 547279)
[ view plain ]
| 000 -LEADER | |
|---|---|
| fixed length control field | 00723cam a22001811 4500 |
| 082 ## - DEWEY DECIMAL CLASSIFICATION NUMBER | |
| Classification number | 625.14 |
| Author Mark | ANT |
| 100 1# - MAIN ENTRY--PERSONAL NAME | |
| Personal name | Antia, Khurshed Faramroz. |
| 9 (RLIN) | 43484 |
| 245 00 - TITLE STATEMENT | |
| Title | Railway track, design, construction, maintenance, and renewal of permanent way, |
| Remainder of title | with notes on signalling and bridge maintenance, |
| Statement of responsibility, etc. | by K.F. Antia ... |
| 260 ## - PUBLICATION, DISTRIBUTION, ETC. | |
| Place of publication, distribution, etc. | Bombay, |
| Name of publisher, distributor, etc. | New Book Company, |
| Date of publication, distribution, etc. | 1945. |
| 300 ## - PHYSICAL DESCRIPTION | |
| Extent | 2 p. l., 2, [2], 380 p. |
| Other physical details | front., illus., plates, diagrs. (1 fold.) |
| Dimensions | 22 cm. |
| 500 ## - GENERAL NOTE | |
| General note | "First published July 1945." |
| 526 ## - STUDY PROGRAM INFORMATION NOTE | |
| Program name | 0 |
| Interest level | 0 |
| Reading level | 0 |
| Title point value | 625_140000000000000_ANT |
| 526 ## - STUDY PROGRAM INFORMATION NOTE | |
| Program name | 0 |
| Interest level | 0 |
| Reading level | 0 |
| Title point value | 625_140000000000000_ANT |
| 650 #0 - SUBJECT ADDED ENTRY--TOPICAL TERM | |
| Topical term or geographic name entry element | MCE |
| 9 (RLIN) | 379 |
| 650 #0 - SUBJECT ADDED ENTRY--TOPICAL TERM | |
| Topical term or geographic name entry element | Railroad tracks. |
| 650 #0 - SUBJECT ADDED ENTRY--TOPICAL TERM | |
| Topical term or geographic name entry element | Railroads |
| General subdivision | Maintenance and repair. |
| 9 (RLIN) | 43485 |
| 942 ## - ADDED ENTRY ELEMENTS (KOHA) | |
| Source of classification or shelving scheme | |
| Koha item type | Book |
| Withdrawn status | Lost status | Source of classification or shelving scheme | Damaged status | Not for loan | Permanent Location | Current Location | Date acquired | Total Checkouts | Full call number | Barcode | Date last seen | Price effective from | Koha item type |
|---|---|---|---|---|---|---|---|---|---|---|---|---|---|
| Military College of Engineering (MCE) | Military College of Engineering (MCE) | 07/07/2014 | 625.14 ANT | MCE-40529 | 07/07/2014 | 07/07/2014 | Book | ||||||
| Military College of Engineering (MCE) | Military College of Engineering (MCE) | 07/07/2014 | 625.14 ANT | MCE-42582 | 07/07/2014 | 07/07/2014 | Book |
